Polemología y Militarismo en América Latina /

Guardado en:
Bibliografiske detaljer
Hovedforfatter: Velit Granda, Juan
Format: Ukendt
Sprog:Spanish
Udgivet: San José, Costa Rica : Editorial de la Universidad de Costa Rica, 1979.
Fag:
Tags: Tilføj Tag
Ingen Tags, Vær først til at tagge denne postø!

MARC

LEADER 000000000a22000000004500
001 003160
041 0 |a spa 
082 0 4 |a 355.98   |b V437p 
100 1 |a Velit Granda, Juan 
245 1 0 |a Polemología y Militarismo en América Latina /   |c Juan Velit Granda. 
260 1 |a San José, Costa Rica :   |b Editorial de la Universidad de Costa Rica,   |c 1979. 
300 |a 60 páginas ;   |c 21 cm. 
650 4 |a AMERICA LATINA 
650 4 |a MILITARISMO 
999 |c 9455  |d 9455 
942 |c BK  |h 355.98 V437p  |2 z